[Event "Scandinavian Chess Tournament"]
[Site "Taby SWE"]
[Date "2007.08.07"]
[Round "5"]
[White "Lindberg,Be"]
[Black "Astrom,R"]
[Result "0-1"]
[WhiteElo "2443"]
[BlackElo "2427"]

1.e4 c5 2.Nf3 e6 3.d4 cxd4 4.Nxd4 Nc6 5.Nc3 Qc7 6.Be3 a6 7.Qd2 Nf6 8.O-O-O Be7
9.f3 O-O 10.g4 b5 11.h4 Ne5 12.Qh2 b4 13.Nce2 Bb7 14.Kb1 Rac8 15.Bf4 d6 16.Ng3 Nexg4
17.fxg4 e5 18.Ngf5 exf4 19.Qxf4 Nxe4 20.Bd3 d5 21.Nxe7+ Qxe7 22.Nf5 Qc7 23.Qe3 Qe5
24.Rhe1 Rb8 25.Bxe4 dxe4 26.Rd7 Kh8 27.Red1 Bc8 28.R7d5 Qf6 29.g5 Qg6 30.Ng3 Bg4
31.R1d4 f5 32.Qf4 Rbe8 33.Rd6 Qf7 34.Rd7 Qg8 35.Nf1 Qe6 36.Ne3 Qe5 37.Qf2 Bf3
38.R4d5 Qe6 39.R5d6 Qg8 40.Nd5 f4 41.Ne7 Qc4 42.b3 Qe2 43.Qb6 Qe1+ 44.Kb2 Qc3+
45.Kb1 e3 46.Re6 Bg4 47.Rd3 Qe1+ 48.Kb2 Bxe6 49.Qxe6 Qxh4 50.Rd5 f3  0-1

[Event "ch-AUT"]
[Site "Tweng AUT"]
[Date "2007.08.07"]
[Round "4"]
[White "Balinov,I"]
[Black "Sommerbauer,N"]
[Result "1/2-1/2"]
[WhiteElo "2499"]
[BlackElo "2462"]

1.e4 c5 2.Nf3 e6 3.d4 cxd4 4.Nxd4 Nc6 5.Nc3 a6 6.Be2 Qc7 7.O-O Nf6 8.Be3 Bb4
9.Na4 Be7 10.Nxc6 bxc6 11.Nb6 Rb8 12.Nxc8 Qxc8 13.Bd4 c5 14.Be5 Rb6 15.b3 Nxe4
16.Bxg7 Rg8 17.Bb2 Bf6 18.Bxf6 Nxf6 19.Bf3 Rg5 20.Re1 Qc7 21.Qd2 Re5 22.Qc3 Rxe1+
23.Rxe1 Ke7 24.a3 Rb8 25.g3 a5 26.Rd1 Rc8 27.Qc4 Qe5 28.Qa6 Qc7 29.Kg2 Rb8
30.Rd3 d5 31.Rd2 Qb6 32.Qe2 Rd8 33.Qe5 Qd6 34.Qc3 Qb6 35.Qe5 Qd6 36.Qc3 Qb6
37.Re2 Qc7 38.Kg1 Qb6 39.Re1 Qc7 40.Re2 Qb6 41.Re1  1/2-1/2

[Event "HZ Open"]
[Site "Vlissingen NED"]
[Date "2007.08.07"]
[Round "5"]
[White "Roggeveen,W"]
[Black "Van der Heijden,Al"]
[Result "0-1"]
[WhiteElo "1941"]
[BlackElo "2215"]

1.e4 c5 2.Nf3 e6 3.d4 cxd4 4.Nxd4 Nc6 5.Nc3 d6 6.Be2 Nf6 7.O-O Be7 8.Be3 O-O
9.f4 Bd7 10.Nb3 a5 11.a4 Nb4 12.Bf3 Bc6 13.Nd4 Nd7 14.Ncb5 Nc5 15.c3 Nba6
16.Nxc6 bxc6 17.Nd4 Qd7 18.e5 d5 19.g4 f6 20.exf6 Bxf6 21.g5 Bxd4 22.cxd4 Nb7
23.Bg4 Nd6 24.Bd2 Nc7 25.Qe1 Nc4 26.b3 Nxd2 27.Qxd2 Qd6 28.Rae1 Rab8 29.Qe3 Rfe8
30.Rf3 Rb4 31.Qc3 Rf8 32.Qc5 Qxc5 33.dxc5 Kf7 34.Kg2 Rfb8 35.Rfe3 Re4 36.Kf3 Rxe3+
37.Rxe3 g6 38.Rc3 Rb4 39.Kg3 d4 40.Rc4 Rxb3+ 41.Bf3 d3 42.Kg4 Nd5 43.Bxd5 exd5
44.Rd4 Ke6 45.h4 Rc3 46.h5 Rb3 47.h6 Rc3 48.f5+ gxf5+ 49.Kh5 d2 50.g6 Kf6
51.gxh7 Rh3+ 52.Rh4 d1=Q+  0-1

[Event "ch-Euro Rapid Women"]
[Site "Predeal ROM"]
[Date "2007.08.08"]
[Round "5"]
[White "Gutierrez Castillo,P"]
[Black "Javakhishvili,L"]
[Result "0-1"]
[WhiteElo "2131"]
[BlackElo "2460"]

1.e4 c5 2.Nf3 e6 3.d4 cxd4 4.Nxd4 Nc6 5.Nc3 Qc7 6.Be3 a6 7.a3 Nf6 8.Be2 Be7
9.O-O O-O 10.f4 d6 11.Qe1 Nxd4 12.Bxd4 e5 13.fxe5 dxe5 14.Qg3 Bc5 15.Bxc5 Qxc5+
16.Kh1 Ne8 17.Rad1 Be6 18.Bg4 Bc4 19.Rf2 Nd6 20.b3 Be6 21.Bxe6 fxe6 22.Rfd2 Rac8
23.Qg4 Rf6 24.h3 Nf7 25.Na4 Qb5 26.Kh2 Qc6 27.Nb2 Rf4 28.Qg3 Qxe4 29.Re1 Qf5
30.Nd3 Rc3 31.Qe3 g5 32.Qe2 Rd4 33.Qh5 Rh4 34.Qf3 e4 35.Qxf5 exf5 36.Nb4 Ne5
37.Nd5 Rcxh3+ 38.gxh3 Nf3+ 39.Kg3 f4+ 40.Kf2 Nxd2 41.Kg2 Rh6 42.Ne7+ Kf8
43.Nf5 Rf6 44.Nd4 Rd6 45.c3 e3 46.Nf3  0-1

[Event "ch-ISL"]
[Site "Reykjavik ISL"]
[Date "2007.08.08"]
[Round "11"]
[White "Lagerman,R"]
[Black "Bergsson,Sn"]
[Result "1/2-1/2"]
[WhiteElo "2315"]
[BlackElo "2301"]

1.e4 c5 2.Nf3 e6 3.d4 cxd4 4.Nxd4 Nc6 5.Nc3 Qc7 6.Be3 a6 7.Bd3 Nf6 8.Nxc6 bxc6
9.O-O Bd6 10.f4 e5 11.Qf3 exf4 12.Bxf4 Bxf4 13.Qxf4 Qxf4 14.Rxf4 d6 15.Bc4 Rf8
16.Raf1 Ra7  1/2-1/2

[Event "HZ Open"]
[Site "Vlissingen NED"]
[Date "2007.08.08"]
[Round "6"]
[White "Caruana,F"]
[Black "Stellwagen,D"]
[Result "1-0"]
[WhiteElo "2549"]
[BlackElo "2631"]

1.e4 c5 2.Nf3 e6 3.d4 cxd4 4.Nxd4 Nc6 5.Nc3 d6 6.g4 a6 7.Be3 Nge7 8.Nb3 b5
9.f4 Bb7 10.Qd2 Na5 11.Nxa5 Qxa5 12.Bg2 b4 13.Ne2 h5 14.h3 Ng6 15.Bf2 Be7
16.g5 e5 17.f5 Nf4 18.Nxf4 Bxg5 19.Qxd6 exf4 20.O-O Rd8 21.Qc5 Qxc5 22.Bxc5 Rc8
23.Bxb4 Rxc2 24.Rf2 Rxf2 25.Kxf2 Rh6 26.Bc3 Rc6 27.Rd1 g6 28.e5 Bh4+ 29.Kf1 Rxc3
30.bxc3 f3 31.Bh1 gxf5 32.Rd4 f4 33.Bxf3 Bxf3 34.Rxf4 Bg3 35.Rxf3 Bxe5 36.c4 h4
37.Ra3  1-0

[Event "Petrovskaya Ladya IM1"]
[Site "Peterhof RUS"]
[Date "2007.08.09"]
[Round "7"]
[White "Rozum,I"]
[Black "Kaliberda,V"]
[Result "1/2-1/2"]
[WhiteElo "2354"]
[BlackElo "2337"]

1.e4 c5 2.Nf3 e6 3.d4 cxd4 4.Nxd4 Nc6 5.Nc3 Qc7 6.Be3 a6 7.Qd2 Ne5 8.O-O-O Bb4
9.Nb3 Nf6 10.f3 O-O 11.Kb1 Nc4 12.Bxc4 Qxc4 13.Bd4 b5 14.h4 a5 15.Qd3 Qxd3
16.cxd3 a4 17.Nc1 Ba6 18.a3 Be7 19.N1a2 Rfb8 20.Nb4 Bxb4 21.axb4 Ne8 22.Rc1 d6
23.Rc2 Bc8 24.Rhc1 Bd7 25.Ne2 Rc8 26.Bb6 Rxc2 27.Rxc2  1/2-1/2

[Event "RC Sport Open"]
[Site "Ceska Trebova CZE"]
[Date "2007.08.10"]
[Round "1"]
[White "Frisk,E"]
[Black "Haba,P"]
[Result "0-1"]
[WhiteElo "2032"]
[BlackElo "2526"]

1.e4 c5 2.Nf3 e6 3.d4 cxd4 4.Nxd4 Nc6 5.Nc3 Qc7 6.g3 a6 7.Bg2 Nf6 8.O-O Nxd4
9.Qxd4 Bc5 10.Qd3 Ng4 11.Qe2 Ne5 12.Be3 d6 13.Kh1 b5 14.Bxc5 Qxc5 15.Nd1 Bb7
16.Ne3 Rc8 17.c3 Nc4 18.Rfe1 Nxe3 19.Qxe3 Qxe3 20.Rxe3 Ke7 21.e5 Bxg2+ 22.Kxg2 dxe5
23.Rxe5 Rhd8 24.Re2 Rc4 25.a3 Rd5 26.Rc1 Rc6 27.Rcc2 Rd1 28.Rcd2 Rb1 29.h4 h6
30.Kf3 g5 31.hxg5 hxg5 32.Rd4 f5 33.Red2 g4+ 34.Ke2 Rc7 35.Kd3 Rc1 36.Ke2 a5
37.Rd1 Rxd1 38.Rxd1 Kf6 39.Rd6 b4 40.axb4 axb4 41.Kd3 bxc3 42.bxc3 Ra7 43.Ke3 Ke5
44.Rd2 Ra3 45.Kd3 Kd5 46.Rb2 Ra1 47.Rb5+ Kc6 48.Re5 Kd6 49.Re2 e5 50.Rb2 Kc5
51.Re2 Kd5 52.Rb2 Rd1+ 53.Ke2 Rc1 54.Kd2 Ra1 55.Kd3 Ra5 56.Kd2 f4 57.gxf4 exf4
58.Kd3 Ke5 59.Re2+ Kf5 60.Kd4 f3 61.Rb2 Re5 62.Kd3 Kg5 63.c4 Kh4 64.Rb8 Kh3
65.Rh8+ Kg2 66.Rg8 Kxf2 67.Rxg4 Rf5 68.Ke4 Rf7 69.c5 Kf1 70.c6 f2 71.Kd5 Ke1
72.Re4+ Kd2 73.Rd4+ Ke2 74.Re4+ Kf3  0-1

[Event "UTwente YM"]
[Site "Hengelo NED"]
[Date "2007.08.10"]
[Round "7"]
[White "Burg,T"]
[Black "Muhren,B"]
[Result "1/2-1/2"]
[WhiteElo "2301"]
[BlackElo "2334"]

1.e4 c5 2.Nf3 e6 3.d4 cxd4 4.Nxd4 Nc6 5.Nc3 Qc7 6.Be2 a6 7.O-O Nf6 8.Be3 Be7
9.Kh1 d6 10.f4 O-O 11.a4 Re8 12.Bf3 Bf8 13.Qd2 Rb8 14.Qf2 e5 15.Nde2 b5 16.axb5 axb5
17.f5 Nb4 18.Ng3 Bb7 19.Qd2 Nxc2 20.Qxc2 b4 21.Bg5 Be7 22.Qd2 bxc3 23.bxc3 Rec8
24.Bxf6 Bxf6 25.Nh5 Qe7 26.Nxf6+ Qxf6 27.Ra7 h6 28.h3 Bc6 29.Rd1 Rd8 30.Rc7 Ba4
31.Ra1 Bb3 32.Qd3 Rbc8 33.Raa7 Rxc7 34.Rxc7 d5 35.exd5  1/2-1/2

[Event "UTwente YM"]
[Site "Hengelo NED"]
[Date "2007.08.10"]
[Round "8"]
[White "Michielsen,J"]
[Black "Hoolt,S"]
[Result "1/2-1/2"]
[WhiteElo "2314"]
[BlackElo "2187"]

1.e4 c5 2.Nf3 e6 3.d4 cxd4 4.Nxd4 Nc6 5.Nc3 Nf6 6.Nxc6 bxc6 7.e5 Nd5 8.Ne4 Qa5+
9.Bd2 Qb6 10.c3 Ba6 11.Bxa6 Qxa6 12.Qe2 Qxe2+ 13.Kxe2 f5 14.exf6 Nxf6 15.Ng5 Bc5
16.Be3 Bxe3 17.Kxe3 Rb8 18.b3 O-O 19.f3 Nd5+ 20.Kd2 e5 21.Rad1 Nf4 22.g3  1/2-1/2

[Event "Tsiolkovsky Mem"]
[Site "Kaluga RUS"]
[Date "2007.08.10"]
[Round "7"]
[White "Tologontegin,S"]
[Black "Kachar,V"]
[Result "1/2-1/2"]
[WhiteElo "2320"]
[BlackElo "2371"]

1.e4 c5 2.Nf3 Nc6 3.d4 cxd4 4.Nxd4 e6 5.Nc3 a6 6.Be3 Nf6 7.Qd2 Ng4 8.Bg5 Qb6
9.Nb3 f6 10.Bf4 Bb4 11.Bg3 O-O 12.h3 Nge5 13.f4 Nf7 14.O-O-O Qc7 15.Kb1 Rd8
16.Be2 b5 17.Bh2 Bb7 18.g4 Rac8 19.a3 Bf8 20.Na2 b4 21.a4 Na5 22.Bd3 Nc4
23.Qe2 d5 24.g5 dxe4 25.Bxe4 Bxe4 26.Qxe4 Rxd1+ 27.Rxd1 fxg5 28.Nd4 gxf4
29.Nxe6 Re8 30.Qd5 Qc8 31.Ng5 Ne5 32.Nxf7 Nxf7 33.Qf3 g5 34.h4 Re3 35.Qf2 Qc4
36.Nc1 h6 37.hxg5 hxg5 38.Nd3 b3 39.Nxf4 Qxc2+ 40.Qxc2 bxc2+ 41.Kxc2 gxf4
42.Bxf4 Re4 43.Rg1+ Kh7 44.Bd2 Rxa4 45.Rf1 Kg6 46.Rg1+ Kf5 47.Rf1+ Ke6 48.Kb3 Rd4
49.Bc3 Rd7 50.Rf6+ Kd5 51.Rxa6 Bc5 52.Ra5 Rb7+ 53.Kc2 Kc6 54.Ra6+ Kb5 55.Rf6 Ra7
56.Kb3 Nd6 57.Be5 Rd7 58.Bxd6 Bxd6 59.Rf5+ Bc5 60.Kc3 Rd4 61.Rh5 Rg4 62.Rh3 Bd4+
63.Kb3 Rg2 64.Rh5+ Kc6 65.Rh6+ Kd5 66.Rh5+ Be5 67.Ka3 Rg1 68.b3 Re1 69.Kb4 Kc6
70.Rh6+ Bd6+ 71.Kc3 Re3+ 72.Kc4 Re4+ 73.Kd3 Rg4 74.Rh5 Bc5 75.Kc3 Kb5 76.Rf5 Rg3+
77.Kb2 Kc6 78.Rf4 Bd6 79.Rf5 Re3 80.Rf6 Kd5 81.Rf7 Re2+ 82.Kc3 Re3+ 83.Kc2 Be5
84.Rb7 Ke4 85.b4 Rc3+ 86.Kd2 Rb3 87.b5 Rb2+ 88.Kc1 Rf2 89.Re7 Re2 90.b6 Kd3
91.Kd1 Rb2 92.Kc1 Rc2+ 93.Kd1 Ra2 94.Ke1 Ra1+ 95.Kf2 Bd4+ 96.Kf3 Bxb6 97.Rd7+ Bd4
98.Re7 Rf1+ 99.Kg2 Rf5 100.Ra7 Ke4 101.Re7+ Be5 102.Re8 Ke3 103.Ra8 Rg5+
104.Kf1 Bd4 105.Ra3+ Ke4 106.Ra4 Rg1+ 107.Ke2 Rg2+ 108.Kf1 Rf2+ 109.Ke1 Rh2
110.Ra8 Kf3 111.Rf8+ Ke3 112.Kf1 Kd3 113.Rf3+ Ke4 114.Rf8 Be3 115.Re8+ Kf3
116.Rf8+ Bf4 117.Rg8 Rh7 118.Rg2 Be3 119.Rf2+ Ke4 120.Rf8 Rh2 121.Re8+ Kd3
122.Rd8+ Bd4 123.Rf8 Be3 124.Rd8+ Ke4 125.Re8+  1/2-1/2

[Event "12th WY U16 Ol"]
[Site "Singapore SIN"]
[Date "2007.08.10"]
[Round "8"]
[White "Mihok,O"]
[Black "Rosenthal,Jon"]
[Result "1-0"]
[WhiteElo "2402"]
[BlackElo "2148"]

1.e4 c5 2.Nf3 e6 3.d4 cxd4 4.Nxd4 Nc6 5.Nc3 d6 6.Be3 Nf6 7.Bc4 a6 8.Bb3 Qc7
9.Qe2 Na5 10.g4 b5 11.g5 Nxb3 12.axb3 Nd7 13.Ndxb5 Qb8 14.Nd4 Bb7 15.f3 g6
16.Qd2 Bg7 17.h4 O-O 18.O-O-O Rd8 19.h5 a5 20.hxg6 hxg6 21.Ndb5 Bc6 22.Nd4 Bb7
23.Rh3 a4 24.bxa4 Nc5 25.b3 d5 26.exd5 Bxd5 27.Nxd5 Rxd5 28.Qc3 Qc8 29.Rdh1 e5
30.Nb5 Qc6 31.Kb1 Rad8 32.Ka2 Qa8 33.Bxc5 Rc8 34.b4 Qxa4+ 35.Na3 Qd7 36.Rh7 Qf5
37.f4 e4 38.Qxg7+  1-0

[Event "RC Sport Open"]
[Site "Ceska Trebova CZE"]
[Date "2007.08.11"]
[Round "3"]
[White "Heberla,B"]
[Black "Nemcova,Kat"]
[Result "1-0"]
[WhiteElo "2484"]
[BlackElo "2245"]

1.e4 c5 2.Nf3 Nc6 3.Nc3 e6 4.d4 cxd4 5.Nxd4 Qc7 6.Be2 a6 7.O-O Nf6 8.Be3 Be7
9.f4 d6 10.a4 O-O 11.Kh1 Re8 12.Bd3 Bf8 13.Qe1 Ng4 14.Bg1 Nxd4 15.Bxd4 e5
16.Nd5 Qc6 17.Bg1 exf4 18.Ra3 Rb8 19.Rc3 Qxa4 20.Rxf4 Ne5 21.Ba7 Be6 22.Nc7 Rbd8
23.Nxe8 Rxe8 24.Ra3 Qd7 25.Ra1 Be7 26.Bd4 Ng6 27.Rf1 Bh4 28.Qb4 Bg5 29.Bc4 Bxc4
30.Qxc4 Rxe4 31.Qd5 Rg4 32.Rae1 h6 33.Bc3 Rh4 34.g3 Rg4 35.Rf5 b5 36.Qa8+ Kh7
37.Qf3 Rf4 38.Rxf4  1-0

[Event "RC Sport Open"]
[Site "Ceska Trebova CZE"]
[Date "2007.08.11"]
[Round "3"]
[White "Mazur,S"]
[Black "Cvek,R"]
[Result "0-1"]
[WhiteElo "2070"]
[BlackElo "2548"]

1.e4 c5 2.Nf3 Nc6 3.d4 cxd4 4.Nxd4 e6 5.Nc3 Qc7 6.Be3 a6 7.Qd2 Nf6 8.f3 b5
9.O-O-O Ne5 10.g4 h6 11.h4 b4 12.Na4 d5 13.Nb3 Nxf3 14.Qe2 dxe4 15.Bb6 Qf4+
16.Be3 Qb8 17.Nb6 Nxg4 18.Na5 Nge5 19.Bg5 hxg5 20.Qxe4 Ra7 21.Nc6 Bb7 22.Nxb8 Bxe4
23.Bxa6 Rc7 24.Bb5+ Ke7  0-1

[Event "Romanian Open"]
[Site "Predeal ROM"]
[Date "2007.08.11"]
[Round "1"]
[White "Jurassa,A"]
[Black "Jaracz,P"]
[Result "0-1"]
[WhiteElo "2106"]
[BlackElo "2495"]

1.e4 c5 2.Nf3 e6 3.d4 cxd4 4.Nxd4 Nc6 5.Nc3 Qc7 6.Be3 a6 7.Be2 b5 8.O-O Bb7
9.Nxc6 Bxc6 10.a3 Nf6 11.Qd3 Be7 12.f4 d6 13.Bf3 O-O 14.g4 Rfe8 15.g5 Nd7
16.Bg2 Bf8 17.Kh1 Qb7 18.Qd2 a5 19.b4 axb4 20.axb4 g6 21.Rae1 Bg7 22.Bg1 Nb6
23.Nd1 Nc4 24.Qe2 Ra3 25.c3 Rea8 26.Rf2 Bxc3 27.Nxc3 Rxc3 28.Rf3 Rxf3 29.Bxf3 Ra3
30.Bg2 Qa8 31.Bd4 Ra2 32.Qd3 h6 33.Bf6 Kh7 34.Qh3 h5 35.Qd3 Rd2 36.Qb1 Qa7
37.Bc3 Ra2 38.Qd3 Qf2 39.Qg3 Qc2 40.Bd4 Qd2 41.Bc3 Qc2 42.Bd4 Kg8 43.h4 Ra3
44.Qf2 Qd3 45.Kg1 Qb3 46.f5 Ra2 47.Re2 Rxe2 48.Qxe2 e5 49.fxg6 fxg6 50.Bf2 Qxb4
51.Qf3 Qb1+ 52.Kh2 Qc1 53.Bg3 Ne3 54.Kh3 Bd7+ 55.Kh2 Ng4+ 56.Kh3 Qg1  0-1

[Event "ch-AUT w"]
[Site "Tweng AUT"]
[Date "2007.08.11"]
[Round "8"]
[White "Schink,B"]
[Black "Mira,H"]
[Result "0-1"]
[WhiteElo "2029"]
[BlackElo "2184"]

1.e4 c5 2.Nf3 e6 3.d4 cxd4 4.Nxd4 Nc6 5.Nc3 Qc7 6.Nxc6 dxc6 7.Bd3 e5 8.O-O Be6
9.Qe2 Nf6 10.Kh1 Bd6 11.a3 O-O 12.Be3 b5 13.f3 Nd7 14.Qf2 Nb6 15.b3 Rfb8
16.Bc5 Nd7 17.Bxd6 Qxd6 18.Ne2 Nc5 19.Rfd1 Qe7 20.Ng3 g6 21.Bf1 Rd8 22.Ne2 a5
23.Nc3 Kg7 24.g3 f6 25.Bg2 Bf7 26.Rf1 Ne6 27.f4 Nd4 28.Nd1 h5 29.Ne3 a4 30.b4 Rac8
31.g4 exf4 32.Qxf4 Ne6 33.Qf2 Ng5 34.gxh5 Nxe4 35.Qf4 Re8 36.hxg6 Bxg6 37.Bh3 Rcd8
38.Nf5+ Bxf5 39.Bxf5 Ng5 40.h4 Rh8 41.Kg2 Nf7 42.Rf3 Qe2+ 43.Kg1 Rhg8 44.Bd3 Kh8+
45.Rg3 Rxg3+ 46.Qxg3 Qe5 47.Qxe5 Nxe5 48.Be4 Rd4 49.Re1 Rc4 50.Kf2 Rc3  0-1

[Event "Open"]
[Site "Callao PER"]
[Date "2007.08.12"]
[Round "7"]
[White "Celis Sanchez,C"]
[Black "Palacios,E"]
[Result "1-0"]
[WhiteElo "2244"]
[BlackElo "2174"]

1.e4 c5 2.Nf3 e6 3.d4 cxd4 4.Nxd4 Nc6 5.Nc3 a6 6.Be3 Qc7 7.Be2 Nf6 8.O-O Be7
9.Nb3 O-O 10.f4 d6 11.a4 b6 12.Bf3 Bb7 13.Qe1 Rfe8 14.Qf2 Nd7 15.g4 Bf8 16.Rad1 Rab8
17.g5 Ba8 18.Qd2 Nc5 19.Nd4 g6 20.Bg2 b5 21.axb5 Nxd4 22.Bxd4 axb5 23.b4 Nd7
24.f5 Bc6 25.fxe6 fxe6 26.Ra1 Ne5 27.Ra7 Rb7 28.Rxb7 Qxb7 29.Ra1 Ra8 30.Rf1 Bg7
31.Bh3 Re8 32.Qe3 Qe7 33.Bxe5 Bxe5 34.Ne2 d5 35.c3 dxe4 36.Bg2 Qb7 37.Ng3 Bc7
38.Kh1 Bb6 39.Qf4 e5 40.Qg4 e3 41.Ne4 Bxe4 42.Bxe4 Qc8 43.Bd5+ Kh8 44.Qe4 Qd8
45.Bc6 Re7 46.Bxb5 Kg7 47.Bc4 Qd7 48.Qf3 Qf5 49.Qa8  1-0

[Event "Tsiolkovsky Mem"]
[Site "Kaluga RUS"]
[Date "2007.08.12"]
[Round "9"]
[White "Zhelnin,V"]
[Black "Nachev,S"]
[Result "0-1"]
[WhiteElo "2433"]
[BlackElo "2424"]

1.e4 c5 2.Nc3 e6 3.Nf3 Nc6 4.d4 cxd4 5.Nxd4 Nf6 6.Bg5 h6 7.Bxf6 Qxf6 8.Ndb5 Qe5
9.g3 a6 10.f4 Qb8 11.Nd4 Qa7 12.Nb3 d6 13.Qd2 b5 14.O-O-O b4 15.Ne2 e5 16.Ng1 Be7
17.Nf3 O-O 18.Bc4 a5 19.Qd3 a4 20.Nbd2 Na5 21.Bb5 a3 22.b3 Rb8 23.Rhe1 Bg4
24.Bc4 Rbc8 25.Kb1 Bxf3 26.Nxf3 Nxc4 27.bxc4 Qc7 28.Nd2 exf4 29.gxf4 Bf6
30.Nf1 Qxc4 31.Ne3 Qe6 32.Nd5 Rfe8 33.Re2 g6 34.Nxb4 Rb8 35.c3 Bg7 36.Kc1 Rb7
37.Nd5 Reb8 38.Kd2 Rb2+ 39.Ke1 Qg4 40.Kf1 Rxe2 41.Qxe2 Qh3+ 42.Kg1 Rb2 43.Rd2 Bxc3
44.Rd3 Bd4+ 45.Kh1 Rxe2 46.Rxh3 Rxa2 47.Rd3 Bc5 48.Nf6+ Kg7 49.Ne8+ Kf8 50.Nxd6 Bxd6
51.Rxd6 Rb2  0-1

[Event "XVIII Kochan Mem"]
[Site "Koszalin POL"]
[Date "2007.08.12"]
[Round "8"]
[White "Palosz,A"]
[Black "Kolosowski,M"]
[Result "1/2-1/2"]
[WhiteElo "2153"]
[BlackElo "2298"]

1.e4 c5 2.Nf3 e6 3.d4 cxd4 4.Nxd4 Nc6 5.Nc3 Qc7 6.Be3 a6 7.g4 Bb4 8.Bg2 Ne5
9.O-O h5 10.gxh5 Nf6 11.h3 Nc4 12.h6 Nxb2 13.Qf3 Qe5 14.hxg7 Rg8 15.Nde2 Be7
16.Bd4 Qh5 17.e5 Qxf3 18.Bxf3 Rxg7+ 19.Kh2 Nh7 20.Ne4 Nc4 21.Rg1 Ng5 22.Bh1 Kf8
23.Nxg5 Rxg5 24.Ng3 d5 25.f4 Rg8 26.Nh5 Rh8 27.Nf6 b6 28.Nxd5 exd5 29.Bxd5 Bxh3
30.Bxa8 Bf5+ 31.Kg2  1/2-1/2

[Event "XVIII Kochan Mem"]
[Site "Koszalin POL"]
[Date "2007.08.12"]
[Round "8"]
[White "Kulon,K"]
[Black "Path,D"]
[Result "1/2-1/2"]
[WhiteElo "2170"]
[BlackElo "2090"]

1.e4 c5 2.Nf3 e6 3.d4 cxd4 4.Nxd4 Nc6 5.Nc3 Qc7 6.f4 a6 7.Be3 b5 8.a3 Bb7
9.Be2 d6 10.O-O Nf6 11.Bf3 Be7 12.Nb3 O-O 13.g4 Rac8 14.g5 Nd7 15.Bg2 Rfe8
16.Rf3 Bf8 17.Rh3 Nb6 18.Qh5 h6 19.gxh6 g6 20.Qh4 Kh7 21.Nd2 Nc4 22.Nf3 Be7
23.Ng5+ Bxg5 24.Qxg5 Qe7 25.Qxe7 Rxe7 26.Rd1 Nxb2 27.Rxd6 Nc4 28.e5 Nxe3
29.Rxe3 Kxh6 30.Red3 Na5 31.Bxb7 Nxb7 32.Rxa6 Nc5 33.Rh3+ Kg7 34.Ra5 Rd7
35.Rxb5 Rd2 36.Rb2 Ra8 37.Ra2 Ra5 38.Kf1 g5 39.Rg3 Rxh2 40.Rxg5+ Kf8 41.Rg2 Rh3
42.Nd1 Ne4 43.Ke2 Raxa3 44.Rxa3 Rxa3 45.Ne3 Rc3 46.Rg1 Ra3 47.c4 Rc3 48.Rd1 Ra3
49.Rc1 Nc5 50.Ng4 Ra2+ 51.Kf3 Ra3+ 52.Ne3 Kg7 53.Rc2 f6 54.Rb2 fxe5 55.fxe5 Nd3
56.Rb5 Kg6 57.Kg3 Nb2 58.Kf4 Nd3+ 59.Kf3 Kg5 60.Ke2 Nf4+ 61.Kf2 Nd3+ 62.Kf3 Rc3
63.Ra5 Nb2 64.Ke4  1/2-1/2

[Event "12th WY U16 Ol"]
[Site "Singapore SIN"]
[Date "2007.08.12"]
[Round "10"]
[White "Nguyen Van Thanh"]
[Black "Song,R"]
[Result "1/2-1/2"]
[WhiteElo "2105"]
[BlackElo "2182"]

1.e4 c5 2.Nf3 e6 3.d4 cxd4 4.Nxd4 Nc6 5.Nc3 Qc7 6.Be2 a6 7.Be3 Nf6 8.O-O Bb4
9.Nxc6 bxc6 10.Qd4 c5 11.Qc4 Bb7 12.Bf3 O-O 13.e5 Bxc3 14.Qxc3 Nd5 15.Qxc5 Qxe5
16.Qd4 Qc7 17.c4 Nxe3 18.fxe3 Rfd8 19.Bxb7 Qxb7 20.c5 Rab8 21.b3 Qc6 22.Rfd1 f6
23.Rac1 Rbc8 24.Rc4 Qb5 25.Qc3 Qb8 26.Rdd4 Qe5 27.c6 d5 28.Rc5 Rc7 29.Rb4 Qd6
30.Rb7 Rdc8 31.Rxc7 Rxc7 32.b4 e5 33.a4 Kf8 34.b5 axb5 35.axb5 d4 36.exd4 exd4
37.Qc4 Ra7 38.Qc1 Ra1 39.Qxa1 Qxc5 40.c7 d3+ 41.Kf1 d2 42.Qa8+ Kf7 43.Qa2+ Ke7
44.Qxd2 Qxb5+ 45.Kg1 Qc5+ 46.Kh1 Qxc7 47.h3 g6 48.Qh6 Ke6 49.Qe3+ Kf7 50.Qh6 Kg8
51.Qe3 Kg7 52.Qd2 Qa7 53.Qe1 h5 54.Qc1 Qa5 55.Qd1 Kh6 56.Qc1+ Qg5 57.Qf1 h4
58.Qe1 Qf4 59.Qb1 Kg5 60.Qd1 Kh6 61.Qb1 f5 62.Qa1 Qd6 63.Qe1 g5 64.Qa1 Kh7
65.Qe1 Qf6 66.Qd1 Kh6 67.Qc1 Kh5 68.Qd1+ Kg6 69.Qb1 Qe6 70.Qd1 g4 71.hxg4 fxg4
72.Qd3+ Qf5 73.Qd6+ Kh5 74.Qd1 Qe4 75.Qf1 Qd5 76.Kg1 g3 77.Qe2+ Kh6 78.Qe3+ Kg6
79.Qe8+ Qf7 80.Qe4+ Qf5 81.Qe8+ Kg5 82.Qe7+ Kg4 83.Qe2+ Kf4 84.Qf3+ Ke5 85.Qc3+ Kd5
86.Qa5+ Ke4 87.Qe1+ Kd4 88.Qb4+ Ke3 89.Qe1+  1/2-1/2

[Event "17th Chess Festival"]
[Site "Abu Dhabi UAE"]
[Date "2007.08.13"]
[Round "2"]
[White "Durarbeyli,V"]
[Black "Neverov,V"]
[Result "1/2-1/2"]
[WhiteElo "2416"]
[BlackElo "2541"]

1.e4 c5 2.Nf3 e6 3.d4 cxd4 4.Nxd4 Nc6 5.Nc3 Qc7 6.Be3 a6 7.Qd2 Nf6 8.O-O-O Bb4
9.f3 Ne7 10.a3 Bxc3 11.Qxc3 Qxc3 12.bxc3 d5 13.e5 Nd7 14.f4 b6 15.Bd3 Nc5
16.Nb3 Na4 17.Kd2 Bd7 18.Rb1 O-O 19.Nc1 Rfc8 20.Bd4 Bb5 21.Bxb5 axb5 22.Rxb5 Nc6
23.Ne2 Na5 24.Ra1 Nc4+ 25.Ke1 Kf8 26.Nc1 Ke7 27.Nd3 Kd7 28.Ke2 g6 29.Rb4 Ra5
30.Kf2 h5 31.h3 Kc6 32.g4 hxg4 33.hxg4 Rh8 34.Kg2 Nc5 35.Rbb1 Ne4 36.Nb4+ Kd7
37.Rh1 Raa8 38.a4 Ke7 39.Nc6+ Kd7 40.Nb4 Ke7 41.Nc6+ Kd7  1/2-1/2

[Event "Independence Cup A"]
[Site "Kyiv UKR"]
[Date "2007.08.13"]
[Round "1"]
[White "Varchenko,G"]
[Black "Lutsko,I"]
[Result "0-1"]
[WhiteElo "2223"]
[BlackElo "2418"]

1.e4 c5 2.Nf3 e6 3.Nc3 Nc6 4.d4 cxd4 5.Nxd4 a6 6.Be3 Nf6 7.Be2 d6 8.O-O Be7
9.f4 O-O 10.Kh1 Bd7 11.Bf3 Nxd4 12.Bxd4 Bc6 13.e5 dxe5 14.Bxe5 Qb6 15.Bxc6 Qxc6
16.Qf3 Qxf3 17.Rxf3 Rac8 18.Rd1 Rc6 19.h3 Rfc8 20.Rfd3 Kf8 21.g4 b5 22.a3 Ne8
23.Kg2 f6 24.Bd4 Nd6 25.Kf3 Kf7 26.Re1 Nb7 27.Re2 Na5 28.Bf2 R8c7 29.Ne4 Nc4
30.c3 a5 31.Bg3 Rb7 32.Bf2 g5 33.Bg3 h6 34.f5 h5 35.Bh2 exf5 36.gxf5 Bf8
37.Rd5 b4 38.axb4 axb4 39.cxb4 Bxb4 40.b3 Na3 41.Bd6 Rd7 42.Bxb4 Rxd5 43.Bxa3 Rxf5+
44.Kg2 Kg6 45.Nd6 Rf4 46.Nc4 g4 47.Re3 Rd4 48.Kg3 Rc8 49.Bb2 h4+ 50.Kf2 Rf4+
51.Kg1 g3 52.Bc1 Rd4 53.Kg2 Rd1 54.Rc3 Re8 55.Be3 f5 56.Kf3 Rf1+ 57.Kg2 Re1
58.Kf3 Rf1+ 59.Kg2 Rb1 60.Kf3 f4 61.Bc1 Re1 62.Bxf4 Rf1+ 63.Kg4 Rxf4+ 64.Kxf4 Rf1+
65.Kg4 g2 66.Kxh4 Rf4+ 67.Kg3 g1=Q+ 68.Kxf4 Qd4+ 69.Kf3 Qxc3+ 70.Ne3 Kg5  0-1

[Event "Acropolis Open"]
[Site "Athens GRE"]
[Date "2007.08.14"]
[Round "1"]
[White "Dounis,A"]
[Black "Kapnisis,S"]
[Result "1-0"]
[WhiteElo "2190"]
[BlackElo "2412"]

1.e4 c5 2.Nf3 Nc6 3.Nc3 e6 4.d4 cxd4 5.Nxd4 Qc7 6.Be3 a6 7.Bd3 Nf6 8.O-O h5
9.h3 b5 10.Nxc6 Qxc6 11.Be2 Qc7 12.Bf3 Rb8 13.e5 Qxe5 14.Re1 Qc7 15.Bd4 Be7
16.Be5 d6 17.Bxf6 gxf6 18.Bxh5 f5 19.Qe2 Kf8 20.Rad1 Bf6 21.Rd3 Bb7 22.Bf3 d5
23.Nd1 Rd8 24.Qd2 Kg7 25.c3 Rdg8 26.Ne3 Kf8 27.Kh1 Qf4 28.Nc2 Qh4 29.Kg1 Qxh3
30.Kf1 Qh4 31.Nd4 Bg5 32.Qc2 Qh6 33.a4 e5 34.Rxe5 Qd6 35.Rxf5 Rh1+ 36.Ke2 Rc1
37.Qb3 Qe7+ 38.Re3 Bxe3 39.fxe3 bxa4 40.Qb6 Bc8 41.Qh6+ Rg7 42.Rxd5 Bd7 43.Qh8+ Rg8
44.Qh6+ Rg7 45.Qxa6 Rh7 46.Kd3 Re1 47.e4 Be6 48.Rb5 Rh6 49.Qxa4 Kg7 50.Qa5 Qd6
51.Rg5+ Rg6 52.Rxg6+ fxg6 53.b4 Bf7 54.Qg5 Qc7 55.Kd2 Ra1 56.e5 Ra2+ 57.Nc2 Qd7+
58.Kc1 Qd3 59.Qd2 Qf1+ 60.Bd1 Bb3 61.Qd7+ Kh6 62.Ne3 Qf4 63.Qh3+ Kg7 64.Bxb3 Re2
65.Qd7+ Kh6 66.Qh3+ Kg7 67.Qd7+ Kh6 68.Qd4 Qxd4 69.cxd4 Rxe3 70.Kc2 Re2+
71.Kc3 Rxg2 72.b5 Kg5 73.b6 Rh2 74.Be6 Rh7 75.Bc8 Rh1 76.b7 Rb1 77.Kc4 Kh6
78.Kc5 Kg7 79.Kd6 Kf8 80.d5 Ke8 81.Bd7+ Kd8 82.e6 Rb6+ 83.Bc6  1-0

[Event "Romanian Open"]
[Site "Predeal ROM"]
[Date "2007.08.14"]
[Round "5"]
[White "Berescu,A"]
[Black "Jaracz,P"]
[Result "1/2-1/2"]
[WhiteElo "2511"]
[BlackElo "2495"]

1.e4 c5 2.Nf3 e6 3.d4 cxd4 4.Nxd4 Nc6 5.Nc3 Qc7 6.Be3 a6 7.Qd2 Nf6 8.f3 Ne5
9.O-O-O b5 10.Nb3 Rb8 11.Bd4  1/2-1/2

[Event "Romanian Open"]
[Site "Predeal ROM"]
[Date "2007.08.14"]
[Round "5"]
[White "Istratescu,A"]
[Black "Javakhishvili,L"]
[Result "1/2-1/2"]
[WhiteElo "2629"]
[BlackElo "2460"]

1.e4 c5 2.Nf3 e6 3.d4 cxd4 4.Nxd4 Nc6 5.Nc3 a6 6.Nxc6 bxc6 7.Bd3 d5 8.O-O Nf6
9.Re1 Be7 10.e5 Nd7 11.Qg4 g6 12.b3 Qa5 13.Bd2 Qb4 14.Ne4 Qb8 15.Nd6+ Bxd6
16.exd6 Qxd6 17.c4 d4 18.c5 Qxc5 19.Rac1 Qd6 20.Bh6 Bb7 21.Qh4 c5 22.b4 Qe7
23.Qh3 f5 24.Bc4 e5 25.bxc5 Nxc5 26.Qa3 Rc8 27.Bf1 e4 28.Qb2 Ne6 29.Bc4 Rxc4
30.Rxc4 Kf7 31.Rxd4 Nxd4 32.Qxd4 Rc8 33.Rb1 Kg8 34.h3 e3 35.f3 e2 36.Re1 Qc5
37.Qxc5 Rxc5 38.Rxe2 Kf7 39.Bg5 Rc7 40.a4 Bd5 41.a5 Bc4 42.Re5 Bb5 43.h4 h5
44.Kh2 Bf1 45.Kg3 Bc4 46.Re1 Bb5 47.Rd1 Rc2 48.Rd6 Bf1 49.Bd2 Ke7 50.Rd4 Ke6
51.Rd8 Ra2 52.Kf2 Bb5 53.Kg3 Bf1 54.Kh2 Bb5 55.Kg1 Ra1+ 56.Kf2 Ra2 57.Ke3 Ra3+
58.Kf4 Rd3 59.Rxd3 Bxd3  1/2-1/2

[Event "TCh-ESP CECLUB Norte Div 1"]
[Site "Sabadell ESP"]
[Date "2007.08.15"]
[Round "1"]
[White "Rada Equiza,M"]
[Black "Jansa,Vl"]
[Result "1/2-1/2"]
[WhiteElo "2271"]
[BlackElo "2494"]

1.e4 c5 2.Nf3 e6 3.d4 cxd4 4.Nxd4 Nc6 5.Nc3 a6 6.Be3 Nf6 7.f3 d5 8.exd5 exd5
9.Qd2 Be7 10.O-O-O O-O 11.g4 Re8 12.g5 Nh5 13.Rg1 Bb4 14.a3 Bxc3 15.Qxc3 Nxd4
16.Qxd4 Bf5 17.Bd3 Bg6 18.Rge1 Qc7 19.h4 Rad8 20.Kb1 Qg3 21.Bd2 Qxf3 22.Bc3 Bxd3
23.Rxe8+ Rxe8 24.Rxd3 Qe2 25.Qxd5 Nf4 26.Qd4 Ne6 27.Qd7 Rb8 28.Qd6 Rf8 29.Qd7 Qf1+
30.Ka2 Qg2 31.Re3 Qg3  1/2-1/2